Marques de voitures - Logos #2 - Statistiques

Statistiques générales
  • Ce quiz a été pris 100 129 fois
    96 743 depuis la dernière actualisation
  • Le résultat moyen est 8 sur 10
Statistiques - réponses
Par images Hint Réponse % Correct
États-Unis Tesla
98%
Japon Toyota
95%
Japon Suzuki
93%
Angleterre Bentley
89%
Allemagne Volkswagen
89%
Tchéquie Škoda
86%
Espagne Seat
85%
Japon Lexus
78%
Japon Mitsubishi
77%
États-Unis Cadillac
57%
Aucun quiz correspondant
Distribution des résultats
% des personnes avec chaque résultat
Percentile par nombre de réponses
Votre historique - résultats
Vous n’avez pas pris ce quiz depuis la dernière actualisation